Villes d'Europe commençant par B - Carte Quiz - Statistiques

Statistiques générales
  • Ce quiz a été pris 26 985 fois
    26 590 depuis la dernière actualisation
  • Le résultat moyen est 15 sur 24
Réponses sur la Carte
Les réponses sont colorées sur une échelle allant du rouge au vert en fonction du pourcentage des utilisateurs qui les ont devinées à leur premier essai. Vous pouvez retrouver ces pourcentages ci-dessous.
 
Statistiques - réponses
Réponse % Correct
Barcelone
92%
Bordeaux
90%
Berlin
81%
Bilbao
79%
Berne
78%
Bruxelles
78%
Besançon
77%
Belfast
75%
Birmingham
75%
Bruges
72%
Bristol
70%
Bologne
62%
Bucarest
60%
Budapest
55%
Brescia
52%
Belgrade
50%
Bari
49%
Bratislava
49%
Brême
48%
Bydgoszcz
46%
Bergen
42%
Brno
34%
Brest
25%
Bourgas
22%
Aucun quiz correspondant
Distribution des résultats
% des personnes avec chaque résultat
Percentile par nombre de réponses
Votre historique - résultats
Vous n’avez pas pris ce quiz depuis la dernière actualisation